Digital and analog communication systems (Record no. 360)

MARC details
000 -LEADER
Fixed length control field 00475nam a22001817a 4500
003 - CONTROL NUMBER IDENTIFIER
Control field SEACOMMC
005 - DATE AND TIME OF LATEST TRANSACTION
Control field 20231110044502.0
008 - FIXED-LENGTH DATA ELEMENTS--GENERAL INFORMATION
Fixed length control field 231110b |||||||| |||| 00| 0 eng d
020 ## - INTERNATIONAL STANDARD BOOK NUMBER / ISBN
Price $ 5.5
040 ## - CATALOGING SOURCE
Original cataloging agency SEACOMMC
082 ## - DEWEY DECIMAL CLASSIFICATION NUMBER
Classification number 621.382
Book Number SHA
100 1# - MAIN ENTRY--PERSONAL NAME
Personal name Shanmugam, K. Sam
245 1# - TITLE STATEMENT
Title Digital and analog communication systems
Statement of responsibility K. Sam Shanmugam
260 ## - IMPRINT
Place of publication Singapore
Name of publisher John Wiley
Date of publication 2005
650 ## - SUBJECT ADDED ENTRY--TOPICAL TERM
Topical term Engineering
650 ## - SUBJECT ADDED ENTRY--TOPICAL TERM
Topical term Communications engineering
942 ## - ADDED ENTRY ELEMENTS (KOHA)
Koha item type Books
Holdings
Withdrawn status Lost status Source of classification Damaged status Not for loan Home library Current library Date acquired Total Checkouts Call number Accession number Date last seen Price effective from Koha item type
    Dewey Decimal Classification     SEACOM MANAGEMENT COLLEGE SEACOM MANAGEMENT COLLEGE 20/09/2006   621.382 SHA 05568 10/11/2023 10/11/2023 Books
    Dewey Decimal Classification     SEACOM MANAGEMENT COLLEGE SEACOM MANAGEMENT COLLEGE 20/09/2006   621.382 SHA 05569 10/11/2023 10/11/2023 Books
© Seacom Engineering College, All rights reserved.    Powered by Koha